[Event "WYCC 2018 G16"]
[Site "Halkidiki"]
[Date "2018.10.23"]
[Round "5"]
[White "Bania, Eleni"]
[Black "Xing, Ashley"]
[Result "1/2-1/2"]
[WhiteElo "1454"]
[BlackElo "1889"]
[Annotator "NA"]
[PlyCount "107"]
[EventDate "2018.10.20"]
[EventType "swiss"]
[EventCountry "GRE"]
[SourceTitle "playchess.com"]
[Source "ChessBase"]
[SourceQuality "1"]
[TimeControl "40/5400+30:1800+30"]

1. e4 {[%emt 0:00:00]} e5 {[%emt 0:00:00]} 2. Nc3 {[%emt 0:00:00]} Nf6 {[%emt 0:00:00]} 3. Bc4 {[%emt 0:00:00]} Nc6 {[%emt 0:00:00]} 4. d3 {[%emt 0:00:10]} Na5 {[%emt 0:00:00]} 5. Bb3 {[%emt 0:00:48]} Nxb3 {[%emt 0:00:19]} 6. axb3 {[%emt 0:00:06]} d6 {[%emt 0:04:37]} 7. Nf3 {[%emt 0:09:50]} Bg4 {[%emt 0:06:00]} 8. O-O {[%emt 0:07:00]} Be7 {[%emt 0:02:37]} 9. Bg5 {[%emt 0:02:56]} O-O {[%emt 0:03:56]} 10. Qe2 {[%emt 0:03:35]} h6 {[%emt 0:07:53]} 11. Bh4 {[%emt 0:02:46]} Re8 {[%emt 0:11:37]} 12. Nd1 {[%emt 0:03:13]} Nh5 {[%emt 0:09:11]} 13. Bxe7 {[%emt 0:03:30]} Qxe7 {[%emt 0:00:09]} 14. Ne3 {[%emt 0:02:23]} Nf4 {[%emt 0:00:37]} 15. Qd1 {[%emt 0:01:49]} Bd7 {[%emt 0:07:02]} 16. Re1 {[%emt 0:13:28]} Qf6 17. Nd5 {[%emt 0:07:48]} Qg6 {[%emt 0:18:33]} 18. Nxf4 {[%emt 0:02:41]} exf4 {[%emt 0:00:05]} 19. Kh1 {[%emt 0:04:51]} a6 {[%emt 0:05:30]} 20. Qd2 {[%emt 0:03:11]} Qf6 {[%emt 0:02:25]} 21. Qc3 {[%emt 0:04:22]} Qxc3 {[%emt 0:00:34]} 22. bxc3 {[%emt 0:00:09]} g5 {[%emt 0:01:32]} 23. h3 {[%emt 0:00:59]} f6 {[%emt 0:01:04]} 24. Nd4 {[%emt 0:09:02]} Kg7 {[%emt 0:01:02]} 25. Kg1 {[%emt 0:01:28]} Kg6 {[%emt 0:01:43]} 26. Kf1 {[%emt 0:04:12]} Kf7 {[%emt 0:02:48]} 27. Re2 {[%emt 0:00:43]} h5 {[%emt 0:01:25]} 28. b4 {[%emt 0:01:46]} g4 {[%emt 0:00:54]} 29. h4 {[%emt 0:02:25]} Re7 {[%emt 0:02:46]} 30. Rae1 {[%emt 0:00:42]} Rae8 {[%emt 0:04:30]} 31. Nf5 {[%emt 0:03:46]} Bxf5 {[%emt 0:02:00]} 32. exf5 {[%emt 0:00:05]} Rxe2 {[%emt 0:00:03]} 33. Rxe2 {[%emt 0:00:06]} Re5 {[%emt 0:00:23]} 34. d4 {[%emt 0:04:29]} Rxf5 {[%emt 0:00:22]} 35. c4 {[%emt 0:00:45]} c5 {[%emt 0:02:57]} 36. c3 {[%emt 0:00:24]} b5 {[%emt 0:00:53]} 37. cxb5 {[%emt 0:02:08]} axb5 {[%emt 0:00:06]} 38. bxc5 {[%emt 0:00:20]} dxc5 {[%emt 0:00:09]} 39. dxc5 {[%emt 0:00:04]} Rxc5 {[%emt 0:00:10]} 40. Rb2 {[%emt 0:00:00]} Kg6 {[%emt 0:00:00]} 41. Ke2 {[%emt 0:05:28]} Rxc3 {[%emt 0:06:09]} 42. Rxb5 {[%emt 0:00:20]} f3+ {[%emt 0:00:09]} 43. gxf3 {[%emt 0:00:40]} Rxf3 {[%emt 0:00:07]} 44. Rb8 {[%emt 0:02:11]} Rh3 {[%emt 0:00:22]} 45. Kf1 {[%emt 0:00:22]} Rxh4 {[%emt 0:00:28]} 46. Kg2 {[%emt 0:00:26]} Rh3 {[%emt 0:00:39]} 47. Rb5 {[%emt 0:00:50]} Rf3 {[%emt 0:01:05]} 48. Rc5 {[%emt 0:02:29]} h4 {[%emt 0:00:41]} 49. Rc2 {[%emt 0:00:16]} f5 {[%emt 0:00:56]} 50. Rc8 {[%emt 0:01:08]} h3+ {[%emt 0:00:42]} 51. Kg1 {[%emt 0:00:17]} h2+ {[%emt 0:00:26]} 52. Kh1 {[%emt 0:00:33]} Rxf2 {[%emt 0:00:52]} 53. Rg8+ {[%emt 0:01:58]} Kf7 {[%emt 0:00:06]} 54. Rf8+ {[%emt 0:00:55] Rf3} 1/2-1/2

[Event "WYCC 2018 G16"]
[Site "Halkidiki"]
[Date "2018.10.23"]
[Round "5"]
[White "Sild, Marta Pauliine"]
[Black "Leonova, Ameliya"]
[Result "0-1"]
[WhiteElo "1394"]
[BlackElo "1736"]
[Annotator "NA"]
[PlyCount "94"]
[EventDate "2018.10.20"]
[EventType "swiss"]
[EventCountry "GRE"]
[SourceTitle "playchess.com"]
[Source "ChessBase"]
[SourceQuality "1"]
[TimeControl "40/5400+30:1800+30"]

1. e4 {[%emt 0:00:00]} c5 {[%emt 0:00:00]} 2. Nf3 {[%emt 0:00:00]} Nc6 {[%emt 0:00:00]} 3. Bb5 {[%emt 0:00:00]} g6 {[%emt 0:00:00]} 4. O-O {[%emt 0:00:00]} Bg7 {[%emt 0:00:00]} 5. c3 {[%emt 0:00:40]} Nf6 {[%emt 0:00:09]} 6. Re1 {[%emt 0:00:05]} O-O {[%emt 0:00:20]} 7. d4 {[%emt 0:00:16]} d5 {[%emt 0:03:19]} 8. exd5 {[%emt 0:06:01]} Qxd5 {[%emt 0:17:09]} 9. Bxc6 {[%emt 0:05:50]} Qxc6 {[%emt 0:06:08]} 10. Rxe7 {[%emt 0:11:39]} Be6 {[%emt 0:18:15]} 11. Ne5 {[%emt 0:07:14]} Qc8 {[%emt 0:01:44]} 12. Bg5 {[%emt 0:13:50]} Nd5 {[%emt 0:01:09]} 13. Nf3 {[%emt 0:00:37]} h6 {[%emt 0:02:07]} 14. Bh4 {[%emt 0:01:18]} g5 {[%emt 0:00:36]} 15. Rxe6 {[%emt 0:00:10]} Qxe6 {[%emt 0:00:33]} 16. Bg3 {[%emt 0:00:04]} cxd4 {[%emt 0:05:15]} 17. Nxd4 {[%emt 0:01:45]} Qb6 {[%emt 0:01:11]} 18. Nb3 {[%emt 0:01:12]} Rad8 {[%emt 0:00:56]} 19. N1d2 {[%emt 0:01:16]} a5 {[%emt 0:01:22]} 20. a4 {[%emt 0:03:05]} Rfe8 {[%emt 0:01:52]} 21. Qf3 {[%emt 0:03:22]} Qf6 {[%emt 0:02:32]} 22. h3 {[%emt 0:05:45]} Qxf3 {[%emt 0:00:13]} 23. Nxf3 {[%emt 0:00:12]} b6 {[%emt 0:00:26]} 24. Nbd4 {[%emt 0:02:28]} Rd7 {[%emt 0:02:13]} 25. Kf1 {[%emt 0:00:33]} Nc7 {[%emt 0:06:13]} 26. Rb1 {[%emt 0:04:11]} Ne6 {[%emt 0:03:15]} 27. Nf5 {[%emt 0:03:10]} Nc5 {[%emt 0:02:35]} 28. Nxg7 {[%emt 0:01:21]} Kxg7 {[%emt 0:00:05]} 29. b3 {[%emt 0:04:17]} Rd3 {[%emt 0:01:48]} 30. Be5+ {[%emt 0:00:29]} f6 {[%emt 0:00:28]} 31. Bd4 {[%emt 0:00:10]} Nxb3 {[%emt 0:00:49]} 32. Kg1 {[%emt 0:00:36]} Nxd4 {[%emt 0:01:01]} 33. cxd4 {[%emt 0:01:10]} Ra3 {[%emt 0:00:19]} 34. Rxb6 {[%emt 0:00:19]} Rxa4 {[%emt 0:00:11]} 35. d5 {[%emt 0:00:49]} Ra1+ {[%emt 0:00:53]} 36. Kh2 {[%emt 0:00:03]} a4 {[%emt 0:00:34]} 37. Ra6 {[%emt 0:01:18]} a3 {[%emt 0:04:37]} 38. Ra7+ {[%emt 0:02:47]} Kg6 {[%emt 0:00:44]} 39. d6 {[%emt 0:00:12]} a2 {[%emt 0:00:28]} 40. Kg3 {[%emt 0:00:00]} Rd8 {[%emt 0:00:00]} 41. d7 {[%emt 0:01:05]} Rh1 {[%emt 0:13:51]} 42. Rxa2 {[%emt 0:01:09]} Rxd7 {[%emt 0:01:13]} 43. Ra6 {[%emt 0:02:15]} Rd3 {[%emt 0:01:00]} 44. Kg4 {[%emt 0:02:03]} h5+ {[%emt 0:00:06]} 45. Kg3 {[%emt 0:00:15]} Rb3 {[%emt 0:00:32]} 46. Rc6 {[%emt 0:00:27]} h4+ {[%emt 0:00:13]} 47. Kg4 {[%emt 0:00:23]} Rb4+ {[%emt 0:00:07]} 0-1

[Event "WYCC 2018 G16"]
[Site "Halkidiki"]
[Date "2018.10.24"]
[Round "6"]
[White "Solozhenkina, Elizaveta"]
[Black "Grigorieva, Yulia"]
[Result "1-0"]
[WhiteElo "2276"]
[BlackElo "2112"]
[Annotator "NA"]
[PlyCount "61"]
[EventDate "2018.10.20"]
[EventType "swiss"]
[EventCountry "GRE"]
[SourceTitle "playchess.com"]
[Source "ChessBase"]
[SourceQuality "1"]
[TimeControl "40/5400+30:1800+30"]

1. d4 {[%emt 0:00:00]} Nf6 {[%emt 0:00:00]} 2. c4 {[%emt 0:00:00]} g6 {[%emt 0:00:18]} 3. Nc3 {[%emt 0:00:23]} d5 {[%emt 0:00:46]} 4. Nf3 {[%emt 0:07:27]} Bg7 {[%emt 0:01:13]} 5. cxd5 {[%emt 0:01:19]} Nxd5 {[%emt 0:00:45]} 6. g3 {[%emt 0:00:17]} O-O {[%emt 0:03:23]} 7. Bg2 {[%emt 0:00:05]} Nb6 {[%emt 0:01:56]} 8. O-O {[%emt 0:00:42]} Nc6 {[%emt 0:00:41]} 9. e3 {[%emt 0:00:23]} Re8 {[%emt 0:00:58]} 10. Re1 {[%emt 0:00:58]} a5 {[%emt 0:00:33] D76: Fianchetto Grünfeld: Main Line with 7...Nb6} 11. h3 {[%emt 0:06:15] LiveBook: 35 Games} a4 {[%emt 0:06:56]} 12. Rb1 {[%emt 0:05:00]} Ra5 {[%emt 0:03:19]} 13. Nd2 {[%emt 0:08:12]} e5 {[%emt 0:11:59]} 14. b4 {[%emt 0:05:18] [#]} exd4 $146 {[%emt 0:32:02]} ({Predecessor:} 14... axb3 15. Nxb3 Ra8 16. d5 e4 17. Nxe4 Nxd5 18. Nbc5 {½-½ (56) Bauer,C (2612)-Tkachiev,V (2639) Belfort 2010}) 15. bxa5 {[%emt 0:04:37]} dxc3 {[%emt 0:00:06]} 16. axb6 {[%emt 0:01:55]} cxb6 {[%emt 0:03:49]} 17. Qc2 {[%emt 0:07:56]} Nd4 {[%emt 0:08:37]} 18. Qxa4 {[%emt 0:01:47]} b5 {[%emt 0:03:19]} 19. Qa8 {[%emt 0:03:24]} Nc2 {[%emt 0:09:32]} 20. Rd1 $11 {[%emt 0:13:22]} ({White should try} 20. Rf1 $16 cxd2 21. Rd1) 20... Nxe3 {[%emt 0:01:59]} 21. fxe3 {[%emt 0:00:23]} Qd3 {[%emt 0:01:23]} 22. Re1 {[%emt 0:13:57]} Bh6 {[%emt 0:03:24]} 23. Ne4 {[%emt 0:01:41]} Rf8 {[%emt 0:02:24]} 24. Rb4 {[%emt 0:02:07]} Bxh3 {[%emt 0:01:40]} 25. Qxb7 {[%emt 0:00:41]} Bxg2 {[%emt 0:00:33]} 26. Kxg2 {[%emt 0:00:05]} f5 {[%emt 0:00:11]} 27. Nf2 {[%emt 0:01:01]} Qc2 {[%emt 0:00:57]} 28. Qxb5 {[%emt 0:00:18]} Rd8 {[%emt 0:00:25]} 29. Qe2 {[%emt 0:00:17]} Rd2 {[%emt 0:00:46]} 30. Bxd2 {[%emt 0:00:11]} cxd2 {[%emt 0:00:04]} 31. Rd1 {[%emt 0:00:06]} 1-0

[Event "WYCC 2018 G16"]
[Site "Halkidiki"]
[Date "2018.10.24"]
[Round "6"]
[White "Beydullayeva, Govhar"]
[Black "Srdanovic, Jovana"]
[Result "1/2-1/2"]
[WhiteElo "2202"]
[BlackElo "2072"]
[Annotator "NA"]
[PlyCount "85"]
[EventDate "2018.10.20"]
[EventType "swiss"]
[EventCountry "GRE"]
[SourceTitle "playchess.com"]
[Source "ChessBase"]
[SourceQuality "1"]
[TimeControl "40/5400+30:1800+30"]

1. Nf3 {[%emt 0:00:00]} d5 {[%emt 0:00:00]} 2. g3 {[%emt 0:00:00]} Bg4 {[%emt 0:00:00]} 3. Bg2 {[%emt 0:00:29]} Nd7 {[%emt 0:01:10]} 4. c4 {[%emt 0:00:49]} e6 {[%emt 0:00:10]} 5. cxd5 {[%emt 0:02:17]} exd5 {[%emt 0:00:16]} 6. Nc3 {[%emt 0:04:47]} Ngf6 {[%emt 0:02:27]} 7. d3 {[%emt 0:01:33]} c6 {[%emt 0:03:17]} 8. O-O {[%emt 0:00:49]} Bc5 {[%emt 0:01:54]} 9. Qb3 {[%emt 0:09:14] LiveBook: 92 Games} Bb6 {[%emt 0:01:18]} 10. Na4 {[%emt 0:01:02] A11: English Opening: 1...c6} O-O {[%emt 0:00:14]} 11. Nxb6 {[%emt 0:03:48]} axb6 {[%emt 0:00:05]} (11... Qxb6 12. Qc2 Rfe8 13. h3 Bh5 14. g4 Bg6 15. Nh4 Nf8 16. Kh1 Ne6 17. e3 h5 {1-0 (65) Oparin,G (2616)-Shirov,A (2673) Moscow 2016}) 12. Re1 {[%emt 0:04:56]} Re8 {[%emt 0:11:35]} 13. h3 {[%emt 0:07:31]} Bxf3 {[%emt 0:02:58]} 14. Bxf3 {[%emt 0:00:12] [#]} d4 $146 {[%emt 0:00:43]} ({Predecessor:} 14... b5 15. Bg2 d4 16. Bd2 Qb6 17. Qc2 Re6 {0-1 (37) Skoberne,J (2549)-Shaposhnikov,E (2544) Al Ain 2012}) 15. Bd2 {[%emt 0:12:25]} Nc5 {[%emt 0:13:02]} 16. Qc2 {[%emt 0:00:18]} Ne6 {[%emt 0:00:47]} 17. a4 {[%emt 0:08:57]} Nc7 {[%emt 0:05:40]} 18. Kh2 {[%emt 0:06:33]} Nd7 {[%emt 0:03:42]} 19. Bg2 $11 {[%emt 0:07:45]} Qf6 {[%emt 0:02:27]} 20. Kg1 {[%emt 0:00:15]} h5 {[%emt 0:01:11]} 21. e4 {[%emt 0:09:09]} dxe3 {[%emt 0:13:04]} 22. Bxe3 {[%emt 0:04:28]} Ne6 {[%emt 0:01:13]} 23. d4 {[%emt 0:06:55]} Rac8 {[%emt 0:12:56]} 24. Qd1 {[%emt 0:00:51]} Qf5 {[%emt 0:05:08]} 25. d5 {[%emt 0:01:20]} Nef8 {[%emt 0:00:43]} 26. dxc6 {[%emt 0:00:48]} bxc6 {[%emt 0:00:05]} 27. Rc1 {[%emt 0:02:13]} c5 {[%emt 0:01:37]} 28. Qf3 {[%emt 0:02:17]} Qxf3 {[%emt 0:01:11]} 29. Bxf3 {[%emt 0:00:03]} Ne5 {[%emt 0:00:16]} 30. Be2 {[%emt 0:00:35]} g6 {[%emt 0:00:23]} 31. Red1 {[%emt 0:01:46]} Red8 {[%emt 0:02:29]} 32. f4 {[%emt 0:01:10]} Nc6 {[%emt 0:00:08]} 33. Bb5 {[%emt 0:00:14]} Nb4 {[%emt 0:01:13]} 34. Kf1 {[%emt 0:00:44]} Nd5 {[%emt 0:00:18]} 35. Bf2 {[%emt 0:00:24]} Ne6 {[%emt 0:02:03]} 36. h4 {[%emt 0:00:27]} Ng7 {[%emt 0:01:48]} 37. Bc4 {[%emt 0:00:22]} Nb4 {[%emt 0:01:14]} 38. Ke2 {[%emt 0:00:37]} Nf5 {[%emt 0:00:41]} 39. Rxd8+ {[%emt 0:00:36]} Rxd8 {[%emt 0:00:06]} 40. Rd1 {[%emt 0:00:00]} Rxd1 {[%emt 0:00:00]} 41. Kxd1 {[%emt 0:00:26]} Nc6 {[%emt 0:02:12]} 42. Ke2 {[%emt 0:09:37]} Nd6 {[%emt 0:05:28]} 43. Bd5 {[%emt 0:06:08]} 1/2-1/2

[Event "WYCC 2018 G16"]
[Site "Halkidiki"]
[Date "2018.10.24"]
[Round "6"]
[White "Getman, Tatyana"]
[Black "Rudzinska, Michalina"]
[Result "0-1"]
[WhiteElo "2195"]
[BlackElo "2073"]
[Annotator "NA"]
[PlyCount "92"]
[EventDate "2018.10.20"]
[EventType "swiss"]
[EventCountry "GRE"]
[SourceTitle "playchess.com"]
[Source "ChessBase"]
[SourceQuality "1"]
[TimeControl "40/5400+30:1800+30"]

1. d4 {[%emt 0:00:00]} Nf6 {[%emt 0:00:00]} 2. c4 {[%emt 0:00:00]} e6 {[%emt 0:00:00]} 3. Nc3 {[%emt 0:00:00]} Bb4 {[%emt 0:00:00]} 4. Qc2 {[%emt 0:00:00]} c5 {[%emt 0:00:00]} 5. e3 {[%emt 0:02:08]} cxd4 {[%emt 0:00:50]} 6. exd4 {[%emt 0:00:08]} O-O {[%emt 0:00:57]} 7. Nf3 {[%emt 0:02:07]} d5 {[%emt 0:00:47]} 8. Bg5 {[%emt 0:02:49]} h6 {[%emt 0:05:43]} 9. Bh4 {[%emt 0:01:00]} Be7 {[%emt 0:02:12]} 10. a3 {[%emt 0:06:23]} b6 {[%emt 0:08:03]} 11. Rd1 {[%emt 0:15:08]} Bb7 {[%emt 0:06:19]} 12. Be2 {[%emt 0:04:14]} dxc4 {[%emt 0:00:37]} 13. O-O {[%emt 0:00:46]} Nbd7 {[%emt 0:00:38]} 14. Ne5 {[%emt 0:02:34]} Rc8 {[%emt 0:02:15]} 15. Bxc4 {[%emt 0:06:23]} Nd5 {[%emt 0:08:55]} 16. Bxe7 {[%emt 0:01:52]} Qxe7 {[%emt 0:00:54]} 17. Bxd5 {[%emt 0:07:06]} Bxd5 {[%emt 0:00:13]} 18. Nxd5 {[%emt 0:07:41]} exd5 {[%emt 0:00:10]} 19. Qf5 {[%emt 0:00:30]} Nxe5 {[%emt 0:03:22]} 20. dxe5 {[%emt 0:02:44]} Qe6 {[%emt 0:01:29]} 21. Qh5 {[%emt 0:01:11]} Rc2 {[%emt 0:04:00]} 22. f4 {[%emt 0:07:13]} Rxb2 {[%emt 0:07:04]} 23. Qf3 {[%emt 0:04:22]} Rc8 {[%emt 0:04:10]} 24. Rf2 {[%emt 0:03:40]} Rxf2 {[%emt 0:01:46]} 25. Qxf2 {[%emt 0:00:32]} Rc3 {[%emt 0:09:04]} 26. a4 {[%emt 0:05:10]} Qc6 {[%emt 0:02:15]} 27. f5 {[%emt 0:05:20]} Rc1 {[%emt 0:03:49]} 28. Qd2 {[%emt 0:01:19]} Qc5+ {[%emt 0:01:08]} 29. Kf1 {[%emt 0:01:42]} Qc4+ {[%emt 0:00:58]} 30. Kg1 {[%emt 0:00:03]} Rxd1+ {[%emt 0:04:00]} 31. Qxd1 {[%emt 0:00:01]} Qe4 {[%emt 0:00:16]} 32. f6 {[%emt 0:00:46]} d4 {[%emt 0:03:27]} 33. fxg7 {[%emt 0:06:48]} Qxe5 {[%emt 0:03:46]} 34. h3 {[%emt 0:01:39]} Qe3+ {[%emt 0:00:54]} 35. Kh1 {[%emt 0:00:15]} d3 {[%emt 0:00:41]} 36. Qg4 {[%emt 0:00:29]} Qc1+ {[%emt 0:10:44]} 37. Kh2 {[%emt 0:00:05]} Qc7+ {[%emt 0:00:40]} 38. Kh1 {[%emt 0:02:22]} d2 {[%emt 0:01:18]} 39. Qe2 {[%emt 0:00:40]} Qc1+ {[%emt 0:00:40]} 40. Kh2 {[%emt 0:00:00]} d1=Q {[%emt 0:00:00]} 41. Qe8+ {[%emt 0:00:15]} Kxg7 {[%emt 0:01:25]} 42. Qe5+ {[%emt 0:00:05]} Kf8 {[%emt 0:00:09]} 43. Qb8+ {[%emt 0:00:52]} Ke7 {[%emt 0:00:08]} 44. Qe5+ {[%emt 0:00:19]} Kd7 {[%emt 0:00:16]} 45. Qf5+ {[%emt 0:00:05]} Kc7 {[%emt 0:00:20]} 46. Qxf7+ {[%emt 0:00:12]} Qd7 {[%emt 0:00:08]} 0-1

[Event "WYCC 2018 G16"]
[Site "Halkidiki"]
[Date "2018.10.24"]
[Round "6"]
[White "Yurasova, Daria"]
[Black "Urh, Zala"]
[Result "0-1"]
[WhiteElo "2193"]
[BlackElo "2066"]
[Annotator "NA"]
[PlyCount "50"]
[EventDate "2018.10.20"]
[EventType "swiss"]
[EventCountry "GRE"]
[SourceTitle "playchess.com"]
[Source "ChessBase"]
[SourceQuality "1"]
[TimeControl "40/5400+30:1800+30"]

1. Nf3 {[%emt 0:00:00]} d5 {[%emt 0:00:00]} 2. g3 {[%emt 0:01:04]} Bg4 {[%emt 0:02:24]} 3. Bg2 {[%emt 0:01:02]} c6 {[%emt 0:00:08]} 4. O-O {[%emt 0:01:52]} Nf6 {[%emt 0:00:57]} 5. c4 {[%emt 0:02:27]} e6 {[%emt 0:00:14] LiveBook: 935 Games} 6. cxd5 {[%emt 0:00:08]} Bxf3 {[%emt 0:00:09]} 7. Bxf3 {[%emt 0:00:07]} cxd5 {[%emt 0:00:04]} 8. d3 {[%emt 0:00:14]} Nc6 {[%emt 0:03:32]} 9. Nc3 {[%emt 0:10:02]} Be7 {[%emt 0:02:06]} 10. Bf4 {[%emt 0:03:44] A11: English Opening: 1...c6} (10. d4 O-O 11. e3 Rc8 12. Bd2 Nd7 13. Qe2 Nb6 14. Rfd1 Qd7 15. Be1 Rfd8 16. Rac1 a6 17. Bg2 Rc7 18. h4 h6 19. Qc2 {½-½ (19) Cordova,E (2655)-Matlakov,M (2701) Moscow 2017}) 10... O-O {[%emt 0:00:46]} 11. Rc1 {[%emt 0:08:40]} Rc8 {[%emt 0:01:18]} 12. Bg2 {[%emt 0:01:09]} Nd7 $146 {[%emt 0:01:18]} ({Predecessor:} 12... a6 13. a3 b5 14. b4 Qb6 15. Qb3 Rfd8 16. Qb2 h6 17. Rc2 Qb7 {½-½ (65) Shetty,A (2389)-Bartell,T (2344) chess.com INT 2018}) 13. Na4 {[%emt 0:05:58]} b5 {[%emt 0:05:58]} 14. Nc3 {[%emt 0:01:08]} Qb6 {[%emt 0:01:48]} 15. Re1 {[%emt 0:13:55]} Rfd8 {[%emt 0:11:55]} 16. Bxd5 {[%emt 0:16:07]} Bc5 {[%emt 0:13:21]} 17. Bxc6 {[%emt 0:04:15]} Bxf2+ {[%emt 0:02:48]} 18. Kg2 {[%emt 0:02:07]} Bxe1 {[%emt 0:08:16]} 19. Bxd7 {[%emt 0:07:43]} Qf2+ {[%emt 0:00:27]} 20. Kh3 {[%emt 0:00:00]} Qf1+ {[%emt 0:00:36]} 21. Kh4 {[%emt 0:00:02]} Qxf4+ {[%emt 0:00:11]} 22. Kh3 {[%emt 0:01:13]} Qf1+ {[%emt 0:00:42]} 23. Kh4 {[%emt 0:00:03]} g5+ {[%emt 0:04:46]} 24. Kxg5 {[%emt 0:00:19]} Rc5+ {[%emt 0:00:28]} 25. Kh4 {[%emt 0:00:25]} Qf4+ {[%emt 0:00:09]} 0-1

[Event "WYCC 2018 G16"]
[Site "Halkidiki"]
[Date "2018.10.24"]
[Round "6"]
[White "Berdnyk, Mariia"]
[Black "Hajiyeva, Laman"]
[Result "1-0"]
[WhiteElo "2179"]
[BlackElo "1916"]
[Annotator "ChessBase"]
[PlyCount "153"]
[EventDate "2018.10.20"]
[EventType "swiss"]
[EventCountry "GRE"]
[SourceTitle "playchess.com"]
[Source "ChessBase"]
[SourceQuality "1"]
[TimeControl "40/5400+30:1800+30"]

1. e4 {[%emt 0:00:00]} e6 {[%emt 0:00:00]} 2. d4 {[%emt 0:00:00]} d5 {[%emt 0:00:00]} 3. Nd2 {[%emt 0:00:00]} c5 {[%emt 0:00:00]} 4. exd5 {[%emt 0:00:00]} exd5 {[%emt 0:00:02]} 5. Ngf3 {[%emt 0:01:44]} Nc6 {[%emt 0:00:11]} 6. dxc5 {[%emt 0:01:58]} Bxc5 {[%emt 0:00:27]} 7. Nb3 {[%emt 0:00:16]} Bb6 {[%emt 0:01:55]} 8. Be2 {[%emt 0:05:06]} Nf6 {[%emt 0:03:08]} 9. O-O {[%emt 0:00:44]} O-O {[%emt 0:00:15]} 10. c3 {[%emt 0:01:50]} Re8 {[%emt 0:03:27]} 11. Nfd4 {[%emt 0:07:32]} Ne4 {[%emt 0:04:54]} 12. Bf3 {[%emt 0:07:07]} Ne5 {[%emt 0:08:54]} 13. Bf4 {[%emt 0:07:06]} Nc4 {[%emt 0:05:35]} 14. Qc2 {[%emt 0:09:28]} Qf6 {[%emt 0:01:26]} 15. Bg3 {[%emt 0:02:22]} Bd7 {[%emt 0:06:31]} 16. Rfe1 {[%emt 0:03:30]} Qg6 {[%emt 0:04:16]} 17. Bxe4 {[%emt 0:04:12]} dxe4 {[%emt 0:01:16]} 18. Nd2 {[%emt 0:01:47]} Rac8 {[%emt 0:11:26]} 19. Nxc4 {[%emt 0:02:50]} Rxc4 {[%emt 0:00:20]} 20. Qe2 {[%emt 0:04:01]} Rc5 {[%emt 0:06:01]} 21. Rad1 {[%emt 0:05:13]} Rg5 {[%emt 0:07:51]} 22. Qe3 {[%emt 0:14:51]} h5 {[%emt 0:06:19]} 23. Kh1 {[%emt 0:00:21]} Bg4 {[%emt 0:11:17]} 24. Rd2 {[%emt 0:01:04]} Bd7 {[%emt 0:04:17]} 25. Rg1 {[%emt 0:02:46]} Bc6 {[%emt 0:06:28]} 26. Qe2 {[%emt 0:03:18]} h4 {[%emt 0:03:48]} 27. Bxh4 {[%emt 0:00:52]} Rh5 {[%emt 0:00:41]} 28. Bg3 {[%emt 0:02:17]} e3 {[%emt 0:02:10]} 29. fxe3 {[%emt 0:00:27]} Be4 {[%emt 0:00:45]} 30. Rf1 {[%emt 0:02:04]} Rh3 {[%emt 0:00:43]} 31. Kg1 {[%emt 0:00:55]} Rh5 {[%emt 0:00:27]} 32. Qf2 {[%emt 0:02:36]} f6 {[%emt 0:00:28]} 33. Bf4 {[%emt 0:01:09]} Bd3 {[%emt 0:00:20]} 34. Rfd1 {[%emt 0:00:23]} Be4 {[%emt 0:00:18]} 35. c4 {[%emt 0:02:20]} Ba5 {[%emt 0:00:30]} 36. Nb5 {[%emt 0:01:33]} Bxd2 {[%emt 0:00:23]} 37. Qxd2 {[%emt 0:00:39]} Kh7 {[%emt 0:00:47]} 38. Qe2 {[%emt 0:01:33]} Bc6 {[%emt 0:00:27]} 39. Nd6 {[%emt 0:00:55]} Re6 {[%emt 0:00:08]} 40. Qf2 {[%emt 0:00:00]} Qg4 {[%emt 0:00:00]} 41. Qc2+ {[%emt 0:08:32]} f5 {[%emt 0:08:03]} 42. Rd4 {[%emt 0:04:52]} Qh4 {[%emt 0:04:15]} 43. Qe2 {[%emt 0:05:17]} g6 {[%emt 0:03:28]} 44. b4 {[%emt 0:01:56]} Qe7 {[%emt 0:11:24]} 45. b5 {[%emt 0:01:42]} Be8 {[%emt 0:00:03]} 46. Qd3 {[%emt 0:01:47]} Rh4 {[%emt 0:02:38]} 47. Nxe8 {[%emt 0:01:26]} Qxe8 {[%emt 0:00:40]} 48. Rd8 {[%emt 0:01:20]} Qf7 {[%emt 0:00:57]} 49. Bg5 {[%emt 0:01:28]} Rhe4 {[%emt 0:00:11]} 50. Rd7 {[%emt 0:00:10]} Re7 {[%emt 0:00:03]} 51. Rxe7 {[%emt 0:00:42]} Rxe7 {[%emt 0:00:01]} 52. Bxe7 {[%emt 0:00:06]} Qxe7 {[%emt 0:00:01]} 53. h3 {[%emt 0:01:52]} Qb4 {[%emt 0:02:57]} 54. Qd7+ {[%emt 0:01:19]} Kh6 {[%emt 0:00:03]} 55. Qxb7 {[%emt 0:00:09]} Qe1+ {[%emt 0:00:06]} 56. Kh2 {[%emt 0:00:04]} Qxe3 {[%emt 0:00:04]} 57. Qf3 {[%emt 0:01:36]} Qe5+ {[%emt 0:02:08]} 58. Qg3 {[%emt 0:01:06]} Qd4 {[%emt 0:00:03]} 59. Qb3 {[%emt 0:00:56]} Qe5+ {[%emt 0:00:24]} 60. Qg3 {[%emt 0:00:53]} Qd4 {[%emt 0:00:01]} 61. Qc7 {[%emt 0:01:18]} f4 {[%emt 0:00:11]} 62. Qb8 {[%emt 0:01:00]} Qxc4 {[%emt 0:01:58]} 63. Qxa7 {[%emt 0:00:14]} Qxb5 {[%emt 0:00:24]} 64. Qd4 {[%emt 0:00:44]} Qb8 {[%emt 0:01:56]} 65. Qf2 {[%emt 0:01:57]} Qb4 {[%emt 0:00:24]} 66. Qf3 {[%emt 0:00:17]} Qc4 {[%emt 0:00:27]} 67. a3 {[%emt 0:01:03]} Qa4 {[%emt 0:00:13]} 68. Qc3 {[%emt 0:00:08]} Qe4 {[%emt 0:00:22]} 69. Qh8+ {[%emt 0:01:27]} Kg5 {[%emt 0:00:01]} 70. h4+ {[%emt 0:00:39]} Kf5 {[%emt 0:00:49]} 71. Qf8+ {[%emt 0:00:23]} Kg4 {[%emt 0:01:34]} 72. Qf6 {[%emt 0:00:02]} Qd5 {[%emt 0:00:39]} 73. Qg5+ {[%emt 0:00:10]} Qxg5 {[%emt 0:00:06]} 74. hxg5 {[%emt 0:00:02]} f3 {[%emt 0:00:31]} 75. gxf3+ {[%emt 0:00:16]} Kxf3 {[%emt 0:00:16]} 76. a4 {[%emt 0:00:04]} Ke4 {[%emt 0:00:04]} 77. Kg3 {[%emt 0:00:03]} 1-0